| 000 | 00483nam a2200205Ia 4500 | ||
|---|---|---|---|
| 008 | 170918s9999 xx 000 0 und d | ||
| 020 | _a9780545653619 | ||
| 050 | _bC278 1990 | ||
| 100 | _aCarle, Eric | ||
| 245 | _aPancakes, pancakes! / | ||
| 245 | _cEric Carle. | ||
| 260 | _aNew York : | ||
| 260 | _bScholastic, | ||
| 260 | _c1990 | ||
| 300 | _aunpaged : | ||
| 300 | _bcolored illustration ; | ||
| 300 | _c23cm. | ||
| 440 | _aRead-to-read level one. | ||
| 500 | _a670 | ||
| 999 |
_c342542 _d342542 |
||